000 00499nam a22001811c 4500
001 a987678747
008 170118s1994 gw |||| 000u rus d
020 _a5253007547
_95-253-00754-7
041 _arus
100 1 _aSemevskij, M. I.
245 0 0 _aCarica Katerina Alekseevna :
_bAnna i Villim Mons. 1692-1724
264 _aMoskva :
_bPressa,
_c1994
300 _a412 S.
942 _cMG
040 _cRU-10907106
003 RU-10907106
999 _c40347
_d40347
490 0 _aOčerki i rasskazy iz russkoj istorii XVIII v.